000 00541nam a2200181Ia 4500
005 20250326124306.0
008 250326s9999 xx 000 0 und d
037 _aTextbook
040 _aFMSL
_beng
_cFMSL
041 _aeng
_2eng
084 _aY15(X:95) N6
_qFMSL
100 _aCarr M
_9737164
245 0 _aSpeaking out women's economic empowerment in South Asia
_cCarr M; Chen M And Others
260 _aNew Delhi
_bNew Delhi, Vistaar
_c1996
300 _a238p
942 _cTB
_hY15(X:95) N6
999 _c1273124
_d1273124